La decada del '70(monografía) /
Guardado en:
| Formato: | Libro |
|---|---|
| Publicado: |
:
,
1995
|
| Materias: | |
| Etiquetas: |
Agregar Etiqueta
Sin Etiquetas, Sea el primero en etiquetar este registro!
|
| LEADER | 00383nam a22001455a 4500 | ||
|---|---|---|---|
| 001 | CEM.cems009122 | ||
| 005 | 20060214000000.0 | ||
| 008 | 130507s1995##################000#0#####d | ||
| 003 | CEMS | ||
| 082 | 0 | 4 | |a F780 |
| 245 | 0 | 0 | |a La decada del '70(monografía) / |
| 260 | |a : |b , |c 1995 | ||
| 653 | |a Musica | ||
| 653 | |a Musica-decada del '70 | ||
| 859 | |a CEMS |b BIB. CEMS - 11 de abril |h F780 |i 8-3 |p 1385.44 |t Ej.1 | ||
